Guess the car brand by AI poem! - Statistics

General Stats
  • This quiz has been taken 22 times
  • The average score is 14 of 20
Answer Stats
Hint Answer % Correct
Blue oval, driving might, American roads by day and night. From rugged trucks to classic thrills, Built tough, a brand that fulfills. Ford
95%
In a land of red and speed, A prancing horse takes the lead. With curves that make hearts race, An Italian marvel, beauty and grace. Ferrari
89%
From the land of poets and dreams, A star upon a silver gleam. Engineering pure and neat, This German brand, oh so elite. Mercedes-Benz
89%
Four rings entwined, unified grace, Precision and luxury in one embrace. Vorsprung durch Technik, leading the race, A German titan, in every place. Audi
84%
Born from raging bulls’ might, Italian elegance, pure delight. Sharp lines and roaring power, Supercar icon, hero of the hour. Lamborghini
84%
Blue and white propeller spins, Driving dynamics, the joy begins. Bavarian might, luxury and flair, A blend of performance beyond compare. BMW
79%
In France, speed knows no bound, Ettore’s masterpiece, the fastest around. Horses by the thousand, a speed demon's art, A name that forever sets hearts apart. Bugatti
74%
Electric dreams taking flight, A vision born in the night. Whispers of the future, silent and sleek, A pioneer brand, innovation they seek. Tesla
74%
From the land of the rising sun, Reliable rides for everyone. Symbol of trust, peace of mind, Consistent quality, every time. Toyota
74%
From the land of cherry blossoms, Reliable rides that blossom. Engineering calm, durable and sound, Japanese brand, trust profound. Honda
68%
People's car, humble yet proud, From Wolfsburg it drew the crowd. Efficient and reliable, a symbol to be, Driven by the masses, universally free. Volkswagen
68%
Bowtie emblem, tried and true, American spirit, red, white, and blue. From muscle cars to trucks so bold, A legacy of stories, timelessly told. Chevrolet
63%
A lightning bolt on the grille, German precision and practical thrill. Steadfast, sturdy, ready for all, An emblem of excellence, standing tall. Opel
58%
From the land of art and wine, A lion's pride, sleek design. French elegance, roads refined, Timeless drive, craftsmanship defined. Peugeot
58%
Stuttgart stallion, roaring pride, Precision and power, side by side. Crafted curves, speed’s delight, A German legend in the spotlight. Porsche
58%
Soviet steel from days gone by, Enduring spirit, never to die. Simple, rugged, through winters cold, A tale of resilience, forever told. Lada
53%
Nordic strength, safety king, A rolling fortress, winter's ring. Steadfast as the Swedish steel, Comfort and reliability, its deal. Volvo
53%
Sleek and spotted, prowling the night, Elegance in motion, pure delight. British luxury, wild at heart, Graceful hunter, an artful part. Jaguar
47%
Rising sun across the sea, Innovative, reliable, with glee. Technological marvels, versatile forms, A legacy of trust, through life's storms. Nissan
47%
Scandinavian wings of pride, Turbocharged dreams that once did glide. Though grounded now, hearts still swell, For the phoenix that flew so well. Saab
47%
No matching quizzes found
Score Distribution
Percent of People with Each Score
Percentile by Number Answered
Your Score History
You have not taken this quiz